The Sandlot Characters - Statistics

General Stats
  • This quiz has been taken 99 times
  • The average score is 9 of 13
Answer Stats
Hint Answer % Correct
Was never seen again Bertram Grover Weeks
95%
Got taught how to play baseball Scotty Smalls
92%
Named after a president Benny Rodriguez
89%
Kissed a lifeguard and had 9 kids Squints
89%
Was a wrestler in the future Ham Porter
85%
Says the same thing twice Yeah Yeah
74%
Repeats everything his brother says Tommy Timmons
66%
Dog the kids were afraid of Hercules
60%
Lifeguard at pool Wendy Peffercorn
58%
Owner of dog Mr Mertle
51%
Pitcher Kenny Denunez
49%
Older brother of brother who repeats Timmy Timmons
40%
Apart of another team Philips
37%
No matching quizzes found
Score Distribution
Percent of People with Each Score
Percentile by Number Answered
Your Score History
You have not taken this quiz